| 000 | 00393nam a2200145Ia 4500 | ||
|---|---|---|---|
| 008 | 240624s9999 xx 000 0 und d | ||
| 041 | _aeng | ||
| 082 | _a658.4012 GOL | ||
| 100 | _aGOLSORKHI DAMON | ||
| 245 | _aCAMBRIDGE HANDBOOK OF STRATEGY AS PRACTI | ||
| 250 | _a(2nd ed.) | ||
| 260 |
_c2016 _aNew Delhi _bCambridge University Press |
||
| 300 | _axxv, 664 p.; 23 cm. | ||
| 365 |
_cBPS _b30 |
||
| 999 |
_c29638 _d29638 |
||